000 00711nam a2200229 a 4500
005 20210219153454.0
008 991125n 000 0 u
035 _aUPN01000101773
100 _aRemillard, Janine
222 _aTHE ELEMENTARY SCHOOL JOURNAL
245 _aTeaching mathematics for understanding : a fifth-grade teacher's interpretation of policy
300 _a179-193
362 _a93, No. 2, 1992
505 _aMayo 1993
653 0 _aAPLICACION DE LAS MATEMATICAS
653 0 _aENSE\197ANZA MATEMATICA
653 0 _aESTUDIANTES DE LA ESCUELA ELEMENTAL
653 0 _aMAESTROS DE LA ESCUELA ELEMENTAL
653 0 _aPENSAMIENTO CRITICO
904 _aAC
_b039584
905 _aArticulo
999 _c77794
_d77794